Tangled Characters - Statistics

General Stats
  • This quiz has been taken 12 times
  • The average score is 4 of 6
Answer Stats
Picture Answer % Correct
Rapunzel
100%
Flynn Rider
75%
Mother Gothel
50%
Pascal
50%
King Frederic
42%
Queen Arianna
42%
No matching quizzes found
Score Distribution
Percent of People with Each Score
Percentile by Number Answered
Your Score History
You have not taken this quiz